[Event "Solingen-ch"]
[Site "Solingen"]
[Date "2011.09.23"]
[Round "1.1"]
[White "Michalczak, Thomas"]
[Black "Zolfagharian, Kevin"]
[Result "1-0"]
[WhiteElo "2350"]
[BlackElo "1672"]
[PlyCount "57"]
[EventDate "2011.??.??"]
[WhiteTeam "Schachgesellschaft Solingen e.V."]
[BlackTeam "Schachgesellschaft Solingen e.V."]

1. e4 c5 2. c3 Nf6 3. e5 Nd5 4. Nf3 Nc6 5. Bc4 Nb6 6. Bb3 d5 7. exd6 Qxd6 8.
O-O Bf5 9. d4 Nxd4 10. Nxd4 cxd4 11. cxd4 O-O-O 12. Qf3 Qg6 13. Bf4 e5 14. Bxe5
Bd6 15. Nc3 Bxe5 16. dxe5 Rd3 17. Qe2 Bh3 18. f4 Rhd8 19. Rac1 Kb8 20. Bc2 Bf5
21. Bxd3 Bxd3 22. Qd1 Nc4 23. Rf2 Ne3 24. Qf3 Ng4 25. Rd2 Qb6+ 26. Kh1 Bf5 27.
Na4 Qa5 28. b4 Rxd2 29. bxa5 1-0

[Event "Solingen-ch"]
[Site "Solingen"]
[Date "2011.09.23"]
[Round "1.2"]
[White "Kissing, Bastian"]
[Black "Kniest, Oliver"]
[Result "0-1"]
[WhiteElo "1658"]
[BlackElo "2295"]
[PlyCount "48"]
[EventDate "2011.??.??"]
[WhiteTeam "Schachclub Tornado Wuppertal 199"]
[BlackTeam "Schachgesellschaft Solingen e.V."]

1. e4 e6 2. d4 d5 3. Nc3 Bb4 4. e5 c5 5. a3 Bxc3+ 6. bxc3 Qa5 7. Bd2 Qa4 8. Nf3
b6 9. Bd3 Ba6 10. Bxa6 Qxa6 11. Qe2 Ne7 12. Qxa6 Nxa6 13. O-O-O O-O 14. Rhe1
Nc6 15. Kb2 Na5 16. Be3 Rfc8 17. Nd2 Rab8 18. Rb1 Rb7 19. Rec1 Rbc7 20. f3 Rc6
21. Bg1 Nc7 22. Bf2 cxd4 23. cxd4 Nb5 24. Nb3 Nc4+ 0-1

[Event "Solingen-ch"]
[Site "Solingen"]
[Date "2011.09.23"]
[Round "1.3"]
[White "Schockenbaeumer, Dirk"]
[Black "Porstmann, Jan"]
[Result "1-0"]
[WhiteElo "2169"]
[BlackElo "1616"]
[PlyCount "45"]
[EventDate "2011.??.??"]
[WhiteTeam "Schachgesellschaft Solingen e.V."]
[BlackTeam "Schachgesellschaft Solingen e.V."]

1. e4 c5 2. Nf3 d6 3. d4 cxd4 4. Nxd4 Nf6 5. Nc3 a6 6. Bg5 e6 7. f4 Be7 8. Qf3
Nbd7 9. O-O-O Qc7 10. Bd3 b5 11. Rhe1 Bb7 12. Qg3 b4 13. Nd5 Nxd5 14. exd5 Bxd5
15. Bxe7 Kxe7 16. Nf5+ Kd8 17. Qxg7 Rf8 18. Nh6 Ke8 19. Bxh7 Bxa2 20. Nxf7 Rxf7
21. Bg6 Nc5 22. Qg8+ Ke7 23. Qxf7+ 1-0

[Event "Solingen-ch"]
[Site "Solingen"]
[Date "2011.09.23"]
[Round "1.5"]
[White "Naundorf, Maik"]
[Black "Weyer, Norbert"]
[Result "1-0"]
[WhiteElo "2123"]
[BlackElo "1584"]
[PlyCount "21"]
[EventDate "2011.??.??"]
[WhiteTeam "Schachklub Königsspringer Iserlo"]
[BlackTeam "Mettmann-Sport e.V."]

1. g3 d5 2. Nf3 Nf6 3. Bg2 Bf5 4. c4 e6 5. cxd5 Nxd5 6. e4 Bxe4 7. Qa4+ Nd7 8.
Qxe4 Nc5 9. Qc4 c6 10. O-O b5 11. Qe2 1-0

[Event "Solingen-ch"]
[Site "Solingen"]
[Date "2011.09.23"]
[Round "1.7"]
[White "Speck, Stefan"]
[Black "Mueller, Ernst"]
[Result "1-0"]
[WhiteElo "1987"]
[BlackElo "1510"]
[PlyCount "83"]
[EventDate "2011.??.??"]
[WhiteTeam "Schachclub Solingen 1928 e.V."]
[BlackTeam "Schachgesellschaft Solingen e.V."]

1. d4 d5 2. c4 Nf6 3. Nf3 g6 4. Nc3 Bg7 5. cxd5 Nxd5 6. e4 Nb6 7. Be3 c6 8. h3
O-O 9. Bd3 N8d7 10. e5 e6 11. O-O Nd5 12. Bg5 Nxc3 13. bxc3 Qe8 14. Nd2 f6 15.
exf6 Bxf6 16. Bh6 Bg7 17. Bxg7 Kxg7 18. Qb3 Nb6 19. Rae1 Nd5 20. c4 Nf4 21. Bc2
Qd8 22. Qe3 Qg5 23. Qe5+ Qxe5 24. Rxe5 Bd7 25. g3 Nh5 26. Ne4 Rf5 27. Nc5 Rxe5
28. dxe5 Bc8 29. Bd1 b6 30. Bxh5 gxh5 31. Ne4 Ba6 32. Nd6 Rd8 33. f4 Kf8 34.
Kf2 Ke7 35. Ke3 Rg8 36. Rf3 b5 37. cxb5 Bxb5 38. Kd4 Be2 39. Rb3 Bb5 40. a4
Bxa4 41. Rb7+ Kf8 42. Rf7# 1-0

[Event "Solingen-ch"]
[Site "Solingen"]
[Date "2011.09.23"]
[Round "1.8"]
[White "Wolf, Wieland"]
[Black "Winkler, Fabian"]
[Result "0-1"]
[WhiteElo "1392"]
[BlackElo "1969"]
[PlyCount "80"]
[EventDate "2011.??.??"]
[WhiteTeam "Schachgesellschaft Solingen e.V."]
[BlackTeam "Schachgesellschaft Solingen e.V."]

1. e4 c5 2. Nc3 Nc6 3. Nf3 d6 4. d4 cxd4 5. Nxd4 Nf6 6. Be3 e6 7. Be2 a6 8. Qd2
Be7 9. O-O O-O 10. f4 Qc7 11. a3 b5 12. Nxc6 Qxc6 13. Bf3 e5 14. Nd5 Nxd5 15.
exd5 Qc7 16. fxe5 dxe5 17. d6 Bxd6 18. Bxa8 f5 19. Bd5+ Kh8 20. Rac1 f4 21. Qf2
Qe7 22. Bd2 Bc5 23. Be4 Bxf2+ 24. Rxf2 Rd8 25. Bb4 Qc7 26. Bc3 Bg4 27. Re1 Re8
28. Bd3 Bh5 29. Bd2 Qc5 30. Bb4 Qb6 31. Kf1 a5 32. Bc3 b4 33. axb4 axb4 34.
Bxe5 Bg6 35. Bxg6 Qxg6 36. Rxf4 Qxc2 37. Rf7 Qc4+ 38. Kg1 Qxf7 39. Rf1 Qxf1+
40. Kxf1 Rxe5 0-1

[Event "Solingen-ch"]
[Site "Solingen"]
[Date "2011.09.23"]
[Round "1.9"]
[White "Andrae, Philipp"]
[Black "Weber, Jakob Martin"]
[Result "1-0"]
[WhiteElo "1908"]
[BlackElo "1306"]
[PlyCount "91"]
[EventDate "2011.??.??"]
[WhiteTeam "Schachgesellschaft Solingen e.V."]
[BlackTeam "Schachclub Bayer Leverkusen e.V."]

1. e4 e5 2. Nf3 Nc6 3. Bc4 Bc5 4. c3 Nf6 5. d3 O-O 6. O-O d5 7. exd5 Nxd5 8.
Re1 Re8 9. b4 Bb6 10. Qb3 Be6 11. Nxe5 Nxe5 12. Rxe5 Qd6 13. d4 c6 14. Nd2 Nf4
15. Bxe6 Rxe6 16. Rxe6 Qxe6 17. Qxe6 fxe6 18. Kf1 Nd3 19. Nf3 Nxc1 20. Rxc1 Bc7
21. Re1 Re8 22. Re4 h6 23. Ne5 Bxe5 24. Rxe5 b6 25. Ke2 Kf7 26. Kd3 Rd8 27. a4
Rd5 28. f4 Kf6 29. c4 Rxe5 30. fxe5+ Kf5 31. Ke3 g6 32. h3 a6 33. Kf3 g5 34.
g4+ Kg6 35. Ke4 Kf7 36. b5 axb5 37. axb5 cxb5 38. cxb5 Ke7 39. d5 Kd7 40. dxe6+
Kxe6 41. Kd4 Ke7 42. Kd5 Kd7 43. e6+ Kc7 44. Ke5 Kd8 45. Kd6 Ke8 46. e7 1-0

[Event "Solingen-ch"]
[Site "Solingen"]
[Date "2011.09.23"]
[Round "1.10"]
[White "Nguyen, Philipp"]
[Black "Pfeiffer, Michael"]
[Result "1/2-1/2"]
[WhiteElo "1108"]
[BlackElo "1890"]
[PlyCount "52"]
[EventDate "2011.??.??"]
[WhiteTeam "Schachgesellschaft Solingen e.V."]
[BlackTeam "Schachgesellschaft Solingen e.V."]

1. e4 c5 2. Nf3 d6 3. d4 cxd4 4. Nxd4 Nf6 5. Nc3 a6 6. Be3 e6 7. Bc4 b5 8. Bb3
Be7 9. f4 Bb7 10. Qd3 Nbd7 11. Rg1 Nc5 12. Qe2 Nxb3 13. Nxb3 Nxe4 14. Nxe4 Bxe4
15. Bd4 d5 16. Bxg7 Rg8 17. Bd4 Rc8 18. c3 Qc7 19. g3 Qc4 20. Qxc4 dxc4 21. Nd2
Bb7 22. O-O-O h5 23. Kb1 h4 24. g4 Bc5 25. Bxc5 Rxc5 26. Rde1 Kd7 1/2-1/2

[Event "Solingen-ch"]
[Site "Solingen"]
[Date "2011.09.23"]
[Round "1.11"]
[White "Hoffmann, Frank"]
[Black "Kublanov, Carolin"]
[Result "1-0"]
[WhiteElo "1845"]
[BlackElo "978"]
[PlyCount "91"]
[EventDate "2011.??.??"]
[WhiteTeam "Schachverein Springer 70 Hitdorf"]
[BlackTeam "Schachgesellschaft Solingen e.V."]

1. e4 e5 2. Nf3 Nc6 3. Bb5 a6 4. Bxc6 dxc6 5. O-O Bg4 6. Nc3 Bc5 7. d3 Nf6 8.
h3 Bxf3 9. Qxf3 h6 10. Qg3 g5 11. Qxe5+ Qe7 12. Qxe7+ Bxe7 13. f4 O-O-O 14.
fxg5 hxg5 15. Bxg5 Ng8 16. Bxe7 Nxe7 17. Rxf7 Kd7 18. Raf1 Ke6 19. R1f6+ Kd7
20. e5 Ke8 21. e6 Rd6 22. Rg7 Rf8 23. Rxf8+ Kxf8 24. Rg4 Rxe6 25. Ne4 Nd5 26.
Kf2 Nf6 27. Rf4 Kg7 28. Rxf6 Rxf6+ 29. Nxf6 Kxf6 30. h4 b5 31. g4 c5 32. Kf3 b4
33. b3 Kg6 34. Kf4 a5 35. h5+ Kh6 36. Kf5 c6 37. Kf6 c4 38. d4 c3 39. Kf5 a4
40. bxa4 b3 41. axb3 c5 42. dxc5 Kh7 43. g5 Kh8 44. Kf6 Kh7 45. g6+ Kh6 46. g7
1-0

[Event "Solingen-ch"]
[Site "Solingen"]
[Date "2011.09.23"]
[Round "1.12"]
[White "Sherif, Malik"]
[Black "Reksten, Daniel"]
[Result "0-1"]
[WhiteElo "1052"]
[BlackElo "1824"]
[PlyCount "56"]
[EventDate "2011.??.??"]
[WhiteTeam "Schachgesellschaft Solingen e.V."]
[BlackTeam "Schachgesellschaft Solingen e.V."]

1. Nf3 d5 2. g3 c5 3. Bg2 Nc6 4. d3 e5 5. Nc3 d4 6. Nb1 Bd6 7. c3 Nge7 8. cxd4
exd4 9. O-O O-O 10. Bd2 f5 11. Qb3+ Kh8 12. Re1 f4 13. e3 dxe3 14. fxe3 fxg3
15. h3 Rf6 16. Nc3 Be6 17. Qc2 Nb4 18. Qb1 Bxh3 19. Ne4 Bxg2 20. Kxg2 Rf8 21.
Nxg3 Bxg3 22. Kxg3 Nxd3 23. Rh1 Qd6+ 24. Kg2 Rxf3 25. Kxf3 Rf8+ 26. Ke2 Rf2+
27. Kd1 Nf5 28. a4 Ne1 0-1

[Event "Solingen-ch"]
[Site "Solingen"]
[Date "2011.09.23"]
[Round "1.14"]
[White "Kublanov, Elizabeth"]
[Black "Falge, Rainer"]
[Result "0-1"]
[WhiteElo "863"]
[BlackElo "1700"]
[PlyCount "80"]
[EventDate "2011.??.??"]
[WhiteTeam "Schachgesellschaft Solingen e.V."]
[BlackTeam "Schachgesellschaft Solingen e.V."]

1. d4 d6 2. Nf3 Nf6 3. Bf4 g6 4. Nbd2 Bg7 5. e3 O-O 6. Bd3 Nc6 7. O-O Re8 8. h3
e5 9. Bg5 Nb4 10. Bc4 e4 11. Nxe4 Rxe4 12. a3 Nc6 13. Bd5 Re8 14. e4 Ne7 15. e5
Nfxd5 16. exd6 Qxd6 17. Re1 Bd7 18. c4 Nf6 19. b4 Nf5 20. Qd2 Ne4 21. Qd3 Nxd4
22. Rxe4 Nxf3+ 23. Qxf3 Rxe4 24. Rd1 Qe6 25. Qg3 Re1+ 26. Rxe1 Qxe1+ 27. Kh2
Be5 28. Bf4 Bxf4 29. Qxf4 Re8 30. Qxc7 Qe5+ 31. Qxe5 Rxe5 32. a4 Bxa4 33. f4
Re4 34. c5 Rxf4 35. Kg3 Rxb4 36. h4 f5 37. Kh3 Bc6 38. g3 Rb3 39. Kh2 Rb1 40.
Kh3 Rh1# 0-1

[Event "Solingen-ch"]
[Site "Solingen"]
[Date "2011.09.23"]
[Round "1.15"]
[White "Reksten, Anne"]
[Black "Barche, Robert"]
[Result "1-0"]
[WhiteElo "1673"]
[BlackElo "982"]
[PlyCount "55"]
[EventDate "2011.??.??"]
[WhiteTeam "Schachgesellschaft Solingen e.V."]
[BlackTeam "Schachgesellschaft Solingen e.V."]

1. c4 e6 2. g3 Ne7 3. Bg2 g6 4. Nc3 Bg7 5. e3 O-O 6. Nge2 Nbc6 7. d4 b6 8. a3
Bb7 9. b4 Rb8 10. O-O d5 11. cxd5 exd5 12. Nf4 Ba6 13. b5 Bb7 14. bxc6 Bxc6 15.
Qb3 Bb7 16. Ncxd5 Nxd5 17. Nxd5 c6 18. Nc3 Qe7 19. Bb2 c5 20. d5 a6 21. a4 Rfc8
22. Rfd1 c4 23. Qa3 Qg5 24. Ne4 Qh5 25. Bxg7 Kxg7 26. Qc3+ Kf8 27. d6 Bd5 28.
Qh8# 1-0

[Event "Solingen-ch"]
[Site "Solingen"]
[Date "2011.09.23"]
[Round "1.16"]
[White "Moeller, Laura"]
[Black "Bashylin, Seva"]
[Result "0-1"]
[WhiteElo "770"]
[BlackElo "1669"]
[PlyCount "82"]
[EventDate "2011.??.??"]
[WhiteTeam "Schachgesellschaft Solingen e.V."]
[BlackTeam "Schachgesellschaft Solingen e.V."]

1. e4 e5 2. Nf3 d6 3. Nc3 Nf6 4. Bc4 Be7 5. d3 O-O 6. Be3 Be6 7. O-O Nc6 8. Ng5
Bxc4 9. dxc4 h6 10. Nf3 Ng4 11. h3 Nxe3 12. fxe3 Bg5 13. Qe1 Nb4 14. Rc1 c6 15.
a3 Na6 16. b4 Qb6 17. Nd1 Nc7 18. a4 Qa6 19. Qe2 Qxa4 20. c3 a5 21. Rb1 axb4
22. cxb4 Rfe8 23. h4 Bf6 24. b5 cxb5 25. cxb5 Qxe4 26. Rc1 Rec8 27. h5 Ne6 28.
Nf2 Qb4 29. Rb1 Qa5 30. Ra1 Qb6 31. Rxa8 Rxa8 32. Rb1 Ng5 33. Nxg5 Bxg5 34. Ng4
f5 35. Nf2 Bxe3 36. Qc4+ Kh8 37. Qf7 Bxf2+ 38. Kf1 Bg3 39. Qxf5 Qe3 40. Rd1 Bh2
41. Rxd6 Ra1+ 0-1

[Event "Solingen-ch"]
[Site "Solingen"]
[Date "2011.09.23"]
[Round "1.17"]
[White "Kappelt, Joerg"]
[Black "Schubert, Florian"]
[Result "1-0"]
[WhiteElo "2153"]
[BlackElo "710"]
[PlyCount "57"]
[EventDate "2011.??.??"]
[WhiteTeam "Schachverein 1922 Hilden"]
[BlackTeam "Schachgesellschaft Solingen e.V."]

1. d4 d5 2. Nf3 Nc6 3. Bf4 Nf6 4. e3 Bf5 5. Bd3 e6 6. c3 Be7 7. O-O O-O 8. Bxf5
Na5 9. Bd3 Ne4 10. Bxe4 dxe4 11. Nfd2 c6 12. b4 b6 13. bxa5 bxa5 14. Nxe4 f5
15. Nc5 Bxc5 16. dxc5 Qxd1 17. Rxd1 Rfd8 18. Rxd8+ Rxd8 19. Bd6 e5 20. Na3 f4
21. Nc4 fxe3 22. fxe3 e4 23. Rb1 g5 24. Nxa5 h5 25. Nxc6 Rd7 26. Rb8+ Kf7 27.
Ne5+ Ke6 28. Re8+ Kd5 29. c4# 1-0

[Event "Solingen-ch"]
[Site "Solingen"]
[Date "2011.10.07"]
[Round "2.1"]
[White "Bauer, Matthias"]
[Black "Michalczak, Thomas"]
[Result "0-1"]
[WhiteElo "1737"]
[BlackElo "2325"]
[PlyCount "54"]
[EventDate "2011.??.??"]
[WhiteTeam "Schachverein Günnigfeld 1922 e.V"]
[BlackTeam "Schachgesellschaft Solingen e.V."]

1. e4 c5 2. Nf3 Nc6 3. d3 g6 4. Be2 Bg7 5. c3 Nf6 6. O-O d6 7. h3 O-O 8. Bf4
Rb8 9. Nbd2 e5 10. Bg5 h6 11. Be3 Nh5 12. Re1 f5 13. exf5 gxf5 14. Nf1 f4 15.
Bd2 Bf5 16. Nxe5 Nxe5 17. d4 f3 18. Bxf3 Nxf3+ 19. Qxf3 Qh4 20. Qd5+ Kh8 21.
Qxd6 Bxh3 22. gxh3 Qxf2+ 23. Kh1 Qf3+ 24. Kh2 Rbd8 25. Qxc5 Rg8 26. Re3 Qf2+
27. Kh1 Bxd4 0-1

[Event "Solingen-ch"]
[Site "Solingen"]
[Date "2011.10.07"]
[Round "2.2"]
[White "Kniest, Oliver"]
[Black "Reksten, Anne"]
[Result "1-0"]
[WhiteElo "2295"]
[BlackElo "1673"]
[PlyCount "37"]
[EventDate "2011.??.??"]
[WhiteTeam "Schachgesellschaft Solingen e.V."]
[BlackTeam "Schachgesellschaft Solingen e.V."]

1. d4 d5 2. c4 c6 3. Nf3 Nf6 4. e3 Bg4 5. h3 Bh5 6. Nc3 e6 7. g4 Bg6 8. cxd5
exd5 9. Ne5 Nbd7 10. h4 Nxe5 11. dxe5 Nd7 12. h5 Nxe5 13. hxg6 Nxg6 14. Qb3 Qc8
15. Bd2 Rb8 16. O-O-O Ne5 17. g5 Ng4 18. Bh3 Qf5 19. Rhg1 1-0

[Event "Solingen-ch"]
[Site "Solingen"]
[Date "2011.10.07"]
[Round "2.3"]
[White "Falge, Rainer"]
[Black "Schockenbäumer, Dirk"]
[Result "0-1"]
[WhiteElo "1700"]
[BlackElo "2169"]
[PlyCount "80"]
[EventDate "2011.??.??"]
[WhiteTeam "Schachgesellschaft Solingen e.V."]
[BlackTeam "Schachgesellschaft Solingen e.V."]

1. d4 Nf6 2. c4 g6 3. Nc3 d5 4. cxd5 Nxd5 5. e4 Nxc3 6. bxc3 Bg7 7. Be3 c5 8.
Nf3 O-O 9. Qd2 Qa5 10. Bh6 Bxh6 11. Qxh6 Qxc3+ 12. Ke2 cxd4 13. Ng5 d3+ 14. Ke3
d2+ 15. Bd3 Qg7 16. Qxg7+ Kxg7 17. Rhd1 Nc6 18. Rxd2 h6 19. Nf3 Bg4 20. h3 Bxf3
21. gxf3 Rfd8 22. Rad1 e5 23. f4 Kf6 24. fxe5+ Nxe5 25. Bb5 Rxd2 26. Rxd2 a6
27. Be2 Rc8 28. Rd6+ Ke7 29. Rb6 Rc7 30. f4 Nd7 31. Rb3 Nc5 32. Rc3 g5 33. f5
f6 34. h4 Kd6 35. hxg5 hxg5 36. Kd4 b5 37. Rh3 Re7 38. Bf3 g4 39. Rh6 gxf3 40.
Rxf6+ Kc7 0-1

[Event "Solingen-ch"]
[Site "Solingen"]
[Date "2011.10.07"]
[Round "2.4"]
[White "Bashylin, Seva"]
[Black "Naundorf, Maik"]
[Result "0-1"]
[WhiteElo "1669"]
[BlackElo "2134"]
[PlyCount "64"]
[EventDate "2011.??.??"]
[WhiteTeam "Schachgesellschaft Solingen e.V."]
[BlackTeam "Schachklub Königsspringer Iserlo"]

1. e4 c5 2. Nf3 g6 3. d4 cxd4 4. Nxd4 Nc6 5. Be3 Nf6 6. f3 Bg7 7. Nc3 O-O 8.
Qd2 d5 9. Nxc6 bxc6 10. e5 Nd7 11. f4 e6 12. Na4 Nxe5 13. Be2 Nd7 14. O-O Re8
15. g4 Qc7 16. f5 exf5 17. gxf5 Qe5 18. Rf3 d4 19. fxg6 hxg6 20. Bc4 dxe3 21.
Bxf7+ Kh7 22. Rh3+ Bh6 23. Qg2 Nf8 24. Rg3 Re7 25. Bxg6+ Nxg6 26. Qxc6 Nf4 27.
Qxa8 Ne2+ 28. Kf1 Nxg3+ 29. hxg3 Ba6+ 30. c4 Bxc4+ 31. Ke1 Qxg3+ 32. Kd1 e2+
0-1

[Event "Solingen-ch"]
[Site "Solingen"]
[Date "2011.10.07"]
[Round "2.5"]
[White "Gwiazda, Slawomir"]
[Black "Speck, Stefan"]
[Result "1/2-1/2"]
[WhiteElo "1982"]
[BlackElo "1980"]
[PlyCount "79"]
[EventDate "2011.??.??"]
[WhiteTeam "Vohwinkeler Schachclub von 1929"]
[BlackTeam "Schachclub Solingen 1928 e.V."]

1. d4 Nf6 2. Bg5 d5 3. Bxf6 exf6 4. g3 g6 5. Bg2 Bg7 6. e3 O-O 7. Ne2 c6 8. O-O
f5 9. Nd2 Nd7 10. c4 Nf6 11. Nc3 dxc4 12. Nxc4 Be6 13. Nd2 Rc8 14. Qa4 Ra8 15.
Rfd1 Nd7 16. b4 Nb6 17. Qa5 Nc4 18. Nxc4 Bxc4 19. Qc5 Be6 20. Ne2 Re8 21. Nf4
Bf8 22. Qc3 Qe7 23. a3 Red8 24. Rab1 Rac8 25. Qc5 Qc7 26. Qc3 Bd6 27. Nxe6 fxe6
28. Qb3 Qe7 29. a4 Kf8 30. e4 Bc7 31. b5 cxb5 32. Qxb5 Bb6 33. exf5 exf5 34.
Re1 Qd7 35. Qb4+ Qd6 36. Red1 Rc7 37. a5 Qxb4 38. Rxb4 Bxa5 39. Rxb7 Rxb7 40.
Bxb7 1/2-1/2

[Event "Solingen-ch"]
[Site "Solingen"]
[Date "2011.10.07"]
[Round "2.6"]
[White "Winkler, Fabian"]
[Black "Kappelt, Jörg"]
[Result "0-1"]
[WhiteElo "1969"]
[BlackElo "2153"]
[PlyCount "128"]
[EventDate "2011.??.??"]
[WhiteTeam "Schachgesellschaft Solingen e.V."]
[BlackTeam "Schachverein 1922 Hilden"]

1. d4 f5 2. c4 g6 3. Nc3 Nf6 4. g3 Bg7 5. Bg2 O-O 6. Nf3 d6 7. Qb3 c6 8. O-O
Qe8 9. Re1 Ne4 10. c5+ Kh8 11. cxd6 exd6 12. Bf4 Qe7 13. Nxe4 fxe4 14. Ng5 d5
15. Rad1 Bf6 16. Bxb8 Rxb8 17. Nh3 Qg7 18. Qa3 Bxh3 19. Bxh3 Bxd4 20. e3 Bb6
21. Qc3 Qxc3 22. bxc3 Ba5 23. Rc1 b5 24. Re2 Bc7 25. Bd7 Rb6 26. Rb1 Rd8 27.
Bh3 Be5 28. Rc2 Kg7 29. Kf1 Ra6 30. Rb3 Kf7 31. Ke2 Ke7 32. Bg2 Kd6 33. f3
exf3+ 34. Bxf3 Ra4 35. Rb4 Ra5 36. Rb3 Re8 37. Rd2 Kc5 38. Kd3 Bg7 39. Re2 Rd8
40. g4 Ra4 41. h3 a5 42. Rc2 Rf8 43. Bg2 Bh6 44. Rb1 Bg5 45. Rb3 Re8 46. Re2
Rc4 47. a3 Kb6 48. Bh1 Bf6 49. Rf2 Bh8 50. Rc2 Bg7 51. Bg2 a4 52. Rb1 Bf8 53.
Ra1 Bc5 54. Re2 h5 55. Raa2 hxg4 56. hxg4 Rxg4 57. e4 dxe4+ 58. Bxe4 Rg3+ 59.
Kc2 g5 60. Ra1 Rh8 61. Bf5 Rf8 62. Be4 Rf4 63. Kb2 Re3 64. Rae1 Rfxe4 0-1

[Event "Solingen-ch"]
[Site "Solingen"]
[Date "2011.10.07"]
[Round "2.8"]
[White "Sherif, Amina"]
[Black "Hoffmann, Frank"]
[Result "1/2-1/2"]
[WhiteElo "1462"]
[BlackElo "1845"]
[PlyCount "50"]
[EventDate "2011.??.??"]
[WhiteTeam "Schachgesellschaft Solingen e.V."]
[BlackTeam "Schachverein Springer 70 Hitdorf"]

1. e4 c5 2. Nc3 Nc6 3. f4 d6 4. Nf3 g6 5. Bb5 a6 6. Bxc6+ bxc6 7. d3 Bg7 8. O-O
e6 9. Qe1 Ne7 10. Qh4 Qb6 11. Kh1 d5 12. Nd2 a5 13. Rb1 a4 14. a3 Qa5 15. Ne2
Qc7 16. Nf3 Ba6 17. Re1 c4 18. d4 dxe4 19. Ng5 Nf5 20. Qf2 Bb7 21. Nxe4 c5 22.
Nxc5 Bxd4 23. Nxe6 Bxf2 24. Nxc7+ Kd7 25. Rf1 Kxc7 1/2-1/2

[Event "Solingen-ch"]
[Site "Solingen"]
[Date "2011.10.07"]
[Round "2.9"]
[White "Reksten, Daniel"]
[Black "Vranidis, Athanassios"]
[Result "1-0"]
[WhiteElo "1824"]
[BlackElo "1740"]
[PlyCount "63"]
[EventDate "2011.??.??"]
[WhiteTeam "Schachgesellschaft Solingen e.V."]
[BlackTeam "Schachgesellschaft Solingen e.V."]

1. d4 Nf6 2. c4 e6 3. Nc3 d5 4. Nf3 Nbd7 5. Qc2 c5 6. cxd5 exd5 7. h3 Be7 8.
Be3 O-O 9. g3 b6 10. Bg2 Bb7 11. Ne5 Bd6 12. Rd1 Nxe5 13. dxe5 Bxe5 14. Bg5
Bxc3+ 15. bxc3 h6 16. Bxf6 Qxf6 17. c4 Rfe8 18. O-O Rad8 19. cxd5 Qd6 20. Rfe1
Re7 21. e4 Rde8 22. f4 f6 23. Re3 Bc8 24. Rde1 b5 25. Qb2 Qb6 26. e5 fxe5 27.
fxe5 c4 28. Kh2 b4 29. d6 c3 30. Qc2 Rd7 31. Bd5+ Kh8 32. Qg6 1-0

[Event "Solingen-ch"]
[Site "Solingen"]
[Date "2011.10.07"]
[Round "2.10"]
[White "Görke, Joachim"]
[Black "Nguyen, Philipp"]
[Result "1-0"]
[WhiteElo "2158"]
[BlackElo "1108"]
[PlyCount "93"]
[EventDate "2011.??.??"]
[WhiteTeam "Schachgesellschaft Solingen e.V."]
[BlackTeam "Schachgesellschaft Solingen e.V."]

1. d4 Nf6 2. c4 g6 3. Nc3 Bg7 4. e4 d6 5. f3 O-O 6. Be3 Re8 7. Qd2 e5 8. d5 c6
9. Nge2 cxd5 10. cxd5 a5 11. Na4 Nfd7 12. Nec3 Na6 13. Bb5 Rf8 14. Qf2 Qc7 15.
Nb6 Nxb6 16. Bxb6 Qe7 17. Bxa5 Bd7 18. Be2 f5 19. O-O Nc5 20. Bb6 fxe4 21. Bxc5
exf3 22. Bxd6 Qxd6 23. Bxf3 Qb4 24. a3 Qc4 25. Ne4 Bf5 26. Qc5 Qd3 27. Rfd1 Qb3
28. Qb4 Qe3+ 29. Kh1 Qf4 30. Re1 Rab8 31. Rad1 Rfd8 32. d6 b6 33. Qb3+ Kh8 34.
g3 Qh6 35. Qe3 Qxe3 36. Rxe3 Bf8 37. Red3 b5 38. g4 Be6 39. b3 Ra8 40. Nc5 Bxg4
41. Bxg4 Rxa3 42. Ne6 Re8 43. d7 Raa8 44. Nc7 Red8 45. Nxa8 Rxa8 46. d8=Q Rxd8
47. Rxd8 1-0

[Event "Solingen-ch"]
[Site "Solingen"]
[Date "2011.10.07"]
[Round "2.11"]
[White "Pfeiffer, Michael"]
[Black "Kublanov, Vladislav"]
[Result "1-0"]
[WhiteElo "1890"]
[BlackElo "1621"]
[PlyCount "91"]
[EventDate "2011.??.??"]
[WhiteTeam "Schachgesellschaft Solingen e.V."]
[BlackTeam "Schachgesellschaft Solingen e.V."]

1. d4 d5 2. c4 e6 3. Nc3 Nf6 4. cxd5 exd5 5. Bg5 Be7 6. e3 O-O 7. Bd3 c6 8. Qc2
h6 9. Bh4 Bg4 10. Nge2 Nbd7 11. f3 Be6 12. O-O c5 13. Nf4 g5 14. Nxe6 fxe6 15.
Bf2 c4 16. Be2 Kg7 17. e4 Nb6 18. e5 Nh5 19. g3 Qe8 20. Nb5 Qxb5 21. f4 Qe8 22.
Qd1 Nxf4 23. gxf4 Rxf4 24. Bh5 Qf8 25. Qe2 Qf5 26. Be3 Qe4 27. Bxf4 Qxe2 28.
Bxe2 gxf4 29. Rxf4 Bg5 30. Rg4 Kh7 31. Bd1 Be3+ 32. Kg2 Rg8 33. Bc2+ Kh8 34.
Rxg8+ Kxg8 35. Rd1 a6 36. Kf3 Bg5 37. Kg4 c3 38. bxc3 Nc4 39. h4 Ne3+ 40. Kh5
Nxd1 41. hxg5 Nxc3 42. Kxh6 Ne4 43. Bd1 Nc3 44. Bg4 Nxa2 45. Bxe6+ Kf8 46. g6
1-0

[Event "Solingen-ch"]
[Site "Solingen"]
[Date "2011.10.07"]
[Round "2.12"]
[White "Zolfagharian, Kevin"]
[Black "Sherif, Malik"]
[Result "1-0"]
[WhiteElo "1672"]
[BlackElo "1052"]
[PlyCount "49"]
[EventDate "2011.??.??"]
[WhiteTeam "Schachgesellschaft Solingen e.V."]
[BlackTeam "Schachgesellschaft Solingen e.V."]

1. e4 e5 2. Nf3 Nc6 3. Bc4 Bc5 4. c3 Nf6 5. d4 exd4 6. e5 Ne4 7. Bd5 Nxf2 8.
Kxf2 dxc3+ 9. Kg3 d6 10. Bxc6+ bxc6 11. Nxc3 Qd7 12. h3 dxe5 13. Qxd7+ Bxd7 14.
Ne4 Bd6 15. Rd1 Ke7 16. Kf2 Bf5 17. Ng3 Bc5+ 18. Be3 Bxe3+ 19. Kxe3 Ke6 20.
Rac1 Bg6 21. Rxc6+ Ke7 22. Rxc7+ Ke6 23. Ng5+ Kf6 24. h4 h6 25. Rd6# 1-0

[Event "Solingen-ch"]
[Site "Solingen"]
[Date "2011.10.07"]
[Round "2.13"]
[White "Schubert, Stefan"]
[Black "Kissing, Bastian"]
[Result "0-1"]
[WhiteElo "949"]
[BlackElo "1658"]
[PlyCount "26"]
[EventDate "2011.??.??"]
[WhiteTeam "Schachgesellschaft Solingen e.V."]
[BlackTeam "Schachclub Tornado Wuppertal 199"]

1. e4 c5 2. Nf3 d6 3. Bc4 Nc6 4. c3 Nf6 5. Ng5 Ne5 6. Bd5 Nxd5 7. exd5 Nd3+ 8.
Kf1 e6 9. a3 Qxg5 10. c4 exd5 11. Qe2+ Ne5 12. cxd5 Bf5 13. f3 Bd3 0-1

[Event "Solingen-ch"]
[Site "Solingen"]
[Date "2011.10.07"]
[Round "2.14"]
[White "Porstmann, Jan"]
[Black "Kublanov, Elizabeth"]
[Result "1-0"]
[WhiteElo "1616"]
[BlackElo "863"]
[PlyCount "97"]
[EventDate "2011.??.??"]
[WhiteTeam "Schachgesellschaft Solingen e.V."]
[BlackTeam "Schachgesellschaft Solingen e.V."]

1. e4 e5 2. Nf3 Nc6 3. Bc4 Bc5 4. c3 f5 5. d3 Nge7 6. Bb3 d5 7. exd5 Nxd5 8.
O-O Be6 9. Re1 Qf6 10. Bg5 Qg6 11. Bxd5 Bxd5 12. Nxe5 Qxg5 13. Nf3+ Qe7 14.
Rxe7+ Bxe7 15. Qe2 O-O-O 16. Ne5 Bd6 17. Nxc6 Rhe8 18. Nxa7+ Kb8 19. Qd1 Kxa7
20. Na3 Bc5 21. b4 Bd6 22. Nb5+ Kb8 23. Nxd6 Rxd6 24. Qd2 Rde6 25. Kf1 Rg6 26.
f3 Rh6 27. h3 Rhe6 28. c4 Bc6 29. a4 h6 30. a5 g5 31. b5 Bd7 32. b6 cxb6 33. a6
bxa6 34. Rxa6 Kb7 35. Ra1 b5 36. Qa2 Kc6 37. cxb5+ Kb6 38. Qa5+ Kb7 39. Qa7+
Kc8 40. b6 Kd8 41. b7 Ke7 42. b8=Q Rxb8 43. Qxb8 Re3 44. Qb4+ Kd8 45. Qb6+ Ke7
46. Qxe3+ Kd8 47. Qd4 Ke7 48. Ra7 Kd8 49. Qxd7# 1-0